แสดงรายละเอียดบรรณานุกรม
  กลับหน้าหลัก

Brief Record : Get Marc (ISO 2709) : E-mail record : QR code ปิดหน้าต่าง
E-books : เกี่ยวกับ Collections
LEADER 00000nam 2200000uu 4500
001    211527
003     ULIBM
008    170419s||||||||th 000 0 tha d
020    ^a9786163355652
060 04 ^aWQ209^bธ523ค 2556
100 0  ^aธารางรัตน์ หาญประเสริฐพงษ์
245 10 ^aคลื่นเสียงความถี่สูงในภาวะฉุกเฉินทางสูตินรีเวชกรรม =^bUltrasound inobstetrics and gynecological emergency /^cธารางรัตน์ หาญประเสริฐพงษ์
246 31 ^aUltrasound in obstetrics and gynecological emergency
250    ^aพิมพ์ครั้งที่ 2
260    ^aสงขลา :^bหน่วยผลิตตำราคณะแพทยศาสตร์ มหาวิทยาลัยสงขลานครินทร์,^c2556, [2013]
300    ^a146 หน้า :^bภาพประกอบ ;^c26 ซม.
650  4 ^aนรีเวชวิทยา^xการวินิจฉัยด้วยคลื่นเหนือเสียง
650  4 ^aนรีเวชวิทยา^xการบันทึกคลื่นเสียงความถี่สูง
650  4 ^aภาวะฉุกเฉินทางสูติศาสตร์
650  4 ^aภาวะแทรกซ้อนขณะมีครรภ์
650  4 ^aสูติศาสตร์^xการวินิจฉัยด้วยคลื่นเหนือเสียง
650  4 ^aสูติศาสตร์^xการบันทึกคลื่นเสียงความถี่สูง
710 2  ^aมหาวิทยาลัยสงขลานครินทร์.^bคณะแพทยศาสตร์.^bหน่วยผลิตตำรา
856    ^zคลื่นเสียงความถี่สูง.pdf (สารบัญหนังสือ)^uhttp://43.133.101.113/ULIB62015//_fulltext/5/211527/20170516154942_3821.pdf
999    ^aใช้งานได้ทุกระบบ
รายการนี้ยังไม่มีแท็ก
คุณยังไม่ได้ล็อกอิน คุณสามารถมีกิจกรรมร่วมกับเว็บไซต์ได้ แต่ต้องล็อกอินก่อน ::
  ล็อกอิน
ลำดับที่ ประเภท เลขเรียก สถานที่ สถานะ
1. หนังสือทั่วไป
หนังสือทั่วไป
สถานะ=หนังสือเก่า - บริการ ณ ห้องสมุด (ห้องเหลือง)
WQ209 ธ523ค 2556 ฉ.1 
  
ห้องสมุด หอพักนักศึกษา (ห้องเหลือง) On Shelf
  ขอยืม
Note:จัดซื้อปีงบ 60
2. หนังสือทั่วไป
หนังสือทั่วไป
สถานะ=หนังสือเก่า - บริการ ณ ห้องสมุด (ห้องเหลือง)
WQ209 ธ523ค 2556 ฉ.2 
  
ห้องสมุด หอพักนักศึกษา (ห้องเหลือง) On Shelf
  ขอยืม
Note:จัดซื้อปีงบ 60
3. หนังสือทั่วไป
หนังสือทั่วไป
WQ209 ธ523ค 2556 ฉ.3 
  
การพยาบาลมารดาทารก On Shelf
  ขอยืม
Note:จัดซื้อปีงบ 60
   [แสดง 3/3 รายการ]

รายการใกล้เคียง
    ผู้แต่ง [ธารางรัตน์ หาญประเสริฐพงษ์]

    หัวเรื่อง [ภาวะฉุกเฉินทางสูติศาสตร์]
    หัวเรื่อง [ภาวะแทรกซ้อนขณะมีครรภ์]

BibComment


ยังไม่เคยถูกคอมเมนท์

คอมเมนท์ทรัพยากรรายการนี้
  คอมเมนท์: คลื่นเสียงความถี..
Bib 211527

 
 
 

 Union Library Management : ULibM
Copyright 2026. All Rights Reserved.
скачать бесплатно без регистрации порно красивый секс HD Sex Hindi sex

xxx gou

xxxx

bfxxx

xxxwww

Секса Видео

xxxx

Секса Видео

detube

geilexxx

C99 Shell

worms shell

blod xxx video
Ebony Coed Rihanna Rimes Takes A Dick In Her Young Twat priyaa indian fuck anal and pusssy hardcore indian women xxx desi hardcore fucking part 1 bengalixxxcouple